Экспериментальные методы исследования полимеризации и структуры полимеров: электронный курс

Bibliografske podrobnosti
Glavni avtor: Бондалетов В. Г. Владимир Григорьевич
Korporativna značnica: Национальный исследовательский Томский политехнический университет Инженерная школа природных ресурсов Отделение химической инженерии
Drugi avtorji: Бондалетова Л. И. Людмила Ивановна
Izvleček:Заглавие с экрана
В дисциплине (курсе) «Экспериментальные методы исследования полимеризации и структуры полимеров» рассматриваются методы исследования химического состава и структуры полимеров (спектральные, хроматографические, термические, титриметрические) и методы исследования свойств полимеров (определение молекулярной массы и молекулярно-массового распределения, теплофизических, механических и специальных свойств). Особое внимание уделяется специфическим особенностям применения стандартных методов в исследовании высокомолекулярных соединений (полимеров) и полимерных материалов. Знания, полученные в курсе, помогут обучающимся выбрать доступные и эффективные методы исследования структуры и свойств полимеров для практической оценки их использования и переработки.
Доступ по логину и паролю
Jezik:ruščina
Izdano: Томск, TPU Moodle, 2017
Teme:
Online dostop:https://design.lms.tpu.ru/course/view.php?id=2107
Format: Elektronski Knjiga
KOHA link:https://koha.lib.tpu.ru/cgi-bin/koha/opac-detail.pl?biblionumber=662023

MARC

LEADER 00000nlm0a2200000 4500
001 662023
005 20240119171302.0
035 |a (RuTPU)RU\TPU\network\33156 
035 |a RU\TPU\network\33155 
090 |a 662023 
100 |a 20200429d2017 m y0rusy50 ca 
101 0 |a rus 
102 |a RU 
105 |a a j 000zy 
135 |a jrcn ---uucaa 
181 0 |a i  
182 0 |a b 
200 1 |a Экспериментальные методы исследования полимеризации и структуры полимеров  |e электронный курс  |f В. Г. Бондалетов, Л. И. Бондалетова  |g Национальный исследовательский Томский политехнический университет, Инженерная школа природных ресурсов, Отделение химической инженерии 
203 |a Текст  |c электронный 
210 |a Томск  |c TPU Moodle  |d 2017 
300 |a Заглавие с экрана 
330 |a В дисциплине (курсе) «Экспериментальные методы исследования полимеризации и структуры полимеров» рассматриваются методы исследования химического состава и структуры полимеров (спектральные, хроматографические, термические, титриметрические) и методы исследования свойств полимеров (определение молекулярной массы и молекулярно-массового распределения, теплофизических, механических и специальных свойств). Особое внимание уделяется специфическим особенностям применения стандартных методов в исследовании высокомолекулярных соединений (полимеров) и полимерных материалов. Знания, полученные в курсе, помогут обучающимся выбрать доступные и эффективные методы исследования структуры и свойств полимеров для практической оценки их использования и переработки. 
333 |a Доступ по логину и паролю 
606 1 |a Полимеризация  |2 stltpush  |3 (RuTPU)RU\TPU\subj\50187  |9 68927 
610 1 |a электронный ресурс 
610 1 |a труды учёных ТПУ 
610 1 |a электронные учебные пособия 
610 1 |a учебные пособия 
610 1 |a Moodle 
610 1 |a e-learning 
610 1 |a электронное обучение 
610 1 |a электронное образование 
610 1 |a дистанционное обучение 
610 1 |a дистанционное образование 
610 1 |a электронные курсы ТПУ 
610 1 |a полимеры 
610 1 |a методы исследования 
610 1 |a спектроскопия 
610 1 |a хроматография 
610 1 |a термические методы 
610 1 |a молекулярная масса 
610 1 |a специальные свойства 
675 |a 678.02  |v 4 
700 1 |a Бондалетов  |b В. Г.  |c химик-технолог  |c профессор Томского политехнического университета, доктор технических наук  |f 1957-  |g Владимир Григорьевич  |3 (RuTPU)RU\TPU\pers\25605  |9 11534 
701 1 |a Бондалетова  |b Л. И.  |c химик-технолог  |c доцент Томского политехнического университета, кандидат химических наук  |f 1956-  |g Людмила Ивановна  |3 (RuTPU)RU\TPU\pers\25852  |9 11721 
712 0 2 |a Национальный исследовательский Томский политехнический университет  |b Инженерная школа природных ресурсов  |b Отделение химической инженерии  |3 (RuTPU)RU\TPU\col\23513 
801 2 |a RU  |b 63413507  |c 20211126  |g RCR 
856 4 |u https://design.lms.tpu.ru/course/view.php?id=2107 
942 |c CF